00314pab a2200121 454500008004000000100001800040245006300058260000900121300001200130362000800142650001800150773002400168180718b2009 xxu||||| |||| 00| 0 eng d aHarris, Jerry aStatist globalization in China, Russia and the Gulf states c2009 ap.6-33. aJan aGlobalization aScience and Society